000 01213nam a2200361 i 4500
001 bg
245 0 0 _aBelgia /
_c[przygot. ed. pol. Bogdan Rudnicki ; red. prowadzący Joanna Zaborowska ; tł. Paweł Franaszek, Alina Szczęch, Beata Śmietana ; red. Magdalena Binkowska].
246 1 _iTyt. oryg.:
_aBelgium
260 _aWarszawa :
_bMediaprofit,
_c2007.
300 _a[2], 341, [1] s. :
_bil. kolor. ;
_c23 cm.
490 1 _aBiblioteka Gazety Wyborczej. Podróże Marzeń ;
_v12
500 _aMapa i plan na wyklejkach.
504 _aIndeks.
651 9 _aBelgia
655 _aPrzewodniki turystyczne
700 1 _aRudnicki, Bogdan.
_eOprac.
700 1 _aZaborowska, Joanna.
_eRed.
700 1 _aFranaszek, Paweł.
_eTł.
700 1 _aSzczęch, Alina.
_eTł.
700 1 _aŚmietana, Beata.
_eTł.
700 1 _aBinkowska, Magdalena.
_eRed.
830 0 _aBiblioteka Gazety Wyborczej.
_pPodróże Marzeń (2007)
_v12
015 _aPB 18979/2007
020 _a9788360174722
040 _cBPK
041 1 _apol
_heng
044 _aPOL
080 _a913(493)(036)
920 _a978-83-60174-72-2
942 _cKS
008 070822s2007 pl a |001 0 pol
999 _c54256
_d54256
856 _uhttp://koha.tu.koszalin.pl/cgi-bin/koha/opac-detail.pl?biblionumber=54256
_yKatalog online BPK